000 00351nam a22001337a 4500
008 180907b xxu||||| |||| 00| 0 eng d
020 _a9780323077507
041 _aeng
080 _29 ed
_a615
100 _a5
101 _aFAR
245 _aDrud Calculations Ratio And Proportion Problems For Clinical Practice
_cBrown,M
942 _2udc
_cBK
999 _c47601
_d47601